<?xml version="1.0" encoding="UTF-8"?><?xml-stylesheet type="text/xsl" href="static/style.xsl"?><OAI-PMH xmlns="http://www.openarchives.org/OAI/2.0/" xmlns:xsi="http://www.w3.org/2001/XMLSchema-instance" xsi:schemaLocation="http://www.openarchives.org/OAI/2.0/ http://www.openarchives.org/OAI/2.0/OAI-PMH.xsd"><responseDate>2026-04-27T20:21:22Z</responseDate><request verb="GetRecord" identifier="oai:uvadoc.uva.es:10324/32052" metadataPrefix="marc">https://uvadoc.uva.es/oai/request</request><GetRecord><record><header><identifier>oai:uvadoc.uva.es:10324/32052</identifier><datestamp>2021-06-29T22:36:57Z</datestamp><setSpec>com_10324_38</setSpec><setSpec>col_10324_852</setSpec></header><metadata><record xmlns="http://www.loc.gov/MARC21/slim" xmlns:doc="http://www.lyncode.com/xoai" xmlns:xsi="http://www.w3.org/2001/XMLSchema-instance" xmlns:dcterms="http://purl.org/dc/terms/" xsi:schemaLocation="http://www.loc.gov/MARC21/slim http://www.loc.gov/standards/marcxml/schema/MARC21slim.xsd">
<leader>00925njm 22002777a 4500</leader>
<datafield tag="042" ind1=" " ind2=" ">
<subfield code="a">dc</subfield>
</datafield>
<datafield tag="720" ind1=" " ind2=" ">
<subfield code="a">Pena Vaquero, Sofía</subfield>
<subfield code="e">author</subfield>
</datafield>
<datafield tag="260" ind1=" " ind2=" ">
<subfield code="c">2018</subfield>
</datafield>
<datafield tag="520" ind1=" " ind2=" ">
<subfield code="a">El control de calidad en plantas solares está siendo cada vez más importante debido al interés en asegurar la rentabilidad de los módulos. Existen numerosas técnicas de caracterización para realizar este control, entre las que destacan la electroluminiscencia y fotoluminiscencia.&#xd;
Este Trabajo de Fin de Grado pretende exponer estas dos técnicas, estudiando los resultados obtenidos en diferentes condiciones y comparándolos viendo las similitudes y diferencias que puedan existir. Asímismo, se estudiarían las mejores condiciones para la realización de dichas técnicas, evaluando la veracidad de los resultados y las diferentes tecnologías de las que disponemos para su realización. Por último, se propone un nuevo método de análisis basado en los histogramas de las células individuales de cada módulo.</subfield>
</datafield>
<datafield tag="024" ind2=" " ind1="8">
<subfield code="a">http://uvadoc.uva.es/handle/10324/32052</subfield>
</datafield>
<datafield tag="245" ind1="0" ind2="0">
<subfield code="a">Tratamiento y explotación de imágenes de electroluminiscencia obtenidas en módulos solares</subfield>
</datafield>
</record></metadata></record></GetRecord></OAI-PMH>